000 00466nab a2200145Ia 4500
003 ES-SlBCS
005 20210601125244.0
008 140529s1982 xxu||||| |||| 00| 0 eng d
041 _aeng
100 1 _aNielsen, Kai
_950638
245 0 0 _aSociological Knowledge: Winch, Marxism, and Verstehen
_c Kai Nielsen
650 0 4 _aConocimiento Sociológico
_9156041
773 0 _tPhilosophy and Phenomenological Research
_gvol. 42, 1982, págs. 465-491
_wRev1411
942 _cAR
999 _c527340
_d527340